NBA Cities - Sudden Death - Statistics

General Stats
  • This quiz has been taken 67,420 times
    56,292 since last reset
  • The average score is 19 of 28
Answers on the Grid
Answers color-coded by a green-red scale on the quiz's grid according to % correct below.
Atlanta
Austin
Baltimore
Boston
Charlotte
Chicago
Cincinnati
Cleveland
Dallas
Denver
Detroit
Green Bay
Honolulu
Houston
Indianapolis
Jacksonville
Kansas City
Las Vegas
Los Angeles
Memphis
Mexico City
Miami
Milwaukee
Minneapolis
Montreal
Nashville
New Orleans
New York
Oakland
Oklahoma City
Orlando
Philadelphia
Phoenix
Pittsburgh
Portland
Richmond
Sacramento
Salt Lake City
San Antonio
San Diego
San Francisco
Santa Fe
Seattle
St. Louis
Tampa
Toronto
Vancouver
Washington D.C.
 
Answer Stats
Answer % Correct
Atlanta
92%
Dallas
82%
Charlotte
80%
Chicago
79%
Boston
78%
Denver
74%
Cleveland
73%
Los Angeles
73%
Detroit
72%
Houston
72%
Miami
71%
New York
71%
Milwaukee
67%
Memphis
66%
Philadelphia
65%
Phoenix
65%
Oklahoma City
64%
New Orleans
63%
Orlando
62%
Sacramento
62%
Portland
60%
San Antonio
60%
Toronto
60%
Indianapolis
58%
Washington D.C.
54%
Minneapolis
52%
San Francisco
52%
Salt Lake City
45%
No matching quizzes found
Score Distribution
Percent of People with Each Score
Percentile by Number Answered
Your Score History
You have not taken this quiz since the last reset